Statistics for Largest Cities in Blue States

Click here to take the quiz!

General Stats

  • This quiz has been taken 25 times
  • The average score is 16 of 20

Answer Stats

PopulationCity% Correct
18,711,436Los Angeles
100%
8,287,710Boston
96%
22,589,036New York
96%
3,338,330San Diego
96%
9,665,887San Francisco
96%
4,903,675Seattle
96%
2,313,238Las Vegas
92%
1,204,100Buffalo
84%
9,825,325Chicago
84%
3,617,927Denver
84%
4,027,861Minneapolis
84%
3,259,710Portland
84%
9,814,928Washington
80%
1,291,900Richmond
72%
1,160,940Rochester
72%
2,639,124Sacramento
72%
1,309,368Fresno
64%
1,470,083Hartford
64%
1,859,197Virginia Beach
64%
1,167,594Albany
44%

Score Distribution

Percentile by Number Answered

Percent of People with Each Score

Your Score History

You have not taken this quiz